Philippines : Selected Issues.

This Selected Issues paper discusses reasons behind rise of inflation in Philippines. The paper focuses on inflation developments and the monetary policy framework in the Philippines. It employs a global latent factor model to decompose inflation into common drivers and idiosyncratic factors for a s...

全面介紹

書目詳細資料
企業作者: International Monetary Fund. Asia and Pacific Dept
格式: 雜誌
語言:English
出版: Washington, D.C. : International Monetary Fund, 2014.
叢編:IMF Staff Country Reports; Country Report ; No. 2014/246
在線閱讀:Full text available on IMF
LEADER 02225cas a2200241 a 4500
001 AALejournalIMF014635
008 230101c9999 xx r poo 0 0eng d
020 |c 5.00 USD 
020 |z 9781484364291 
022 |a 1934-7685 
040 |a BD-DhAAL  |c BD-DhAAL 
110 2 |a International Monetary Fund.  |b Asia and Pacific Dept. 
245 1 0 |a Philippines :   |b Selected Issues. 
264 1 |a Washington, D.C. :  |b International Monetary Fund,  |c 2014. 
300 |a 1 online resource (42 pages) 
490 1 |a IMF Staff Country Reports 
500 |a <strong>Off-Campus Access:</strong> No User ID or Password Required 
500 |a <strong>On-Campus Access:</strong> No User ID or Password Required 
506 |a Electronic access restricted to authorized BRAC University faculty, staff and students 
520 3 |a This Selected Issues paper discusses reasons behind rise of inflation in Philippines. The paper focuses on inflation developments and the monetary policy framework in the Philippines. It employs a global latent factor model to decompose inflation into common drivers and idiosyncratic factors for a sample of 62 countries. Based on these results, it then models inflation in different regions and presents the single country, single equation model and conducts out of sample forecasts to determine consistency with the medium-term inflation target. The common factors modeling of inflation suggests that inflation in the Philippines depends on world commodity price developments and movements in the US dollar effective exchange rate. However, theory suggests that domestic cyclical conditions also matter. We assess the importance of these variables by estimating a Phillips curve augmented by world commodity prices and the nominal exchange rate for 2000-2013. Using the Akaike-Schwartz criterion, the optimal lag length is found to be four. Given the potential for serial correlation and heteroskedasticity, we use the Newey-West standard errors to find the consistent estimates. 
538 |a Mode of access: Internet 
830 0 |a IMF Staff Country Reports; Country Report ;  |v No. 2014/246 
856 4 0 |z Full text available on IMF  |u http://elibrary.imf.org/view/journals/002/2014/246/002.2014.issue-246-en.xml  |z IMF e-Library